00386nam a2200133Ia 4500003000900000008004100009040003300050041000800083080001300091100003000104245006700134260003600201300001500237LK-CoDNM010623t2006 xxu||||| |||| 00| 1 eng d aLK-CoDNMdLK-CoDNMeLK-CoDNM aeng a336bHEW aHewavitharana, Buddhadasa aDr. N.M. Pereras Policies and Achievements as Finance Minister b Stamford Lake a Colomboc2006 b74p, 21 cm